Marketing channels / (Record no. 4330)
[ view plain ]
| 000 -LEADER | |
|---|---|
| fixed length control field | 01029nac a22002651u 4500 |
| 010 ## - LIBRARY OF CONGRESS CONTROL NUMBER | |
| LC control number | 00055058 |
| 020 ## - INTERNATIONAL STANDARD BOOK NUMBER | |
| International Standard Book Number | 0130127728 |
| 020 ## - INTERNATIONAL STANDARD BOOK NUMBER | |
| International Standard Book Number | 0130338427 |
| 082 00 - DEWEY DECIMAL CLASSIFICATION NUMBER | |
| Classification number | 658.84 |
| Item number | C8545 |
| 090 ## - LOCALLY ASSIGNED LC-TYPE CALL NUMBER (OCLC); LOCAL CALL NUMBER (OCLC) | |
| -- | 4330 |
| -- | 4330 |
| 100 ## - MAIN ENTRY--PERSONAL NAME | |
| Personal name | Coughlan, Anne T. |
| 245 00 - TITLE STATEMENT | |
| Title | Marketing channels / |
| Statement of responsibility, etc | Anne T. Coughlan ... [et al.]. |
| 250 ## - EDITION STATEMENT | |
| Edition statement | 6th ed. |
| 260 ## - PUBLICATION, DISTRIBUTION, ETC. (IMPRINT) | |
| Place of publication, distribution, etc | Upper Saddle River, N.J. : |
| Name of publisher, distributor, etc | Prentice Hall, |
| Date of publication, distribution, etc | c2001. |
| 300 ## - PHYSICAL DESCRIPTION | |
| Extent | xviii, 590 p. : |
| Other physical details | ill. ; |
| Dimensions | 25 cm. |
| 440 #4 - | |
| -- | The Prentice Hall international series in marketing |
| 500 ## - GENERAL NOTE | |
| General note | Rev. ed. of: Marketing channels / Louis W. Stern, Adel I. El-Ansary, Anne T. Coughlan. 5th ed. c1996. |
| 504 ## - BIBLIOGRAPHY, ETC. NOTE | |
| Bibliography, etc | Includes bibliographical references and indexes. |
| 650 #0 - SUBJECT ADDED ENTRY--TOPICAL TERM | |
| Topical term or geographic name as entry element | Marketing channels. |
| 700 1# - ADDED ENTRY--PERSONAL NAME | |
| Personal name | Anderson, Erin |
| 700 1# - ADDED ENTRY--PERSONAL NAME | |
| Personal name | Stern, Louis W. |
| 700 1# - ADDED ENTRY--PERSONAL NAME | |
| Personal name | El- Ansary Adel I. |
| 942 ## - ADDED ENTRY ELEMENTS (KOHA) | |
| Item type | Book - Borrowing |
| Call number prefix | 658.84C8545 |
| Withdrawn status | Item status | Damaged status | Not for loan | Home library | Current library | Shelving location | Date acquired | Source of acquisition | Total Checkouts | Total Renewals | Full call number | Barcode | Date last seen | Date last borrowed | Koha item type |
|---|---|---|---|---|---|---|---|---|---|---|---|---|---|---|---|
| Central Library | Central Library | First floor | 04/09/2007 | Purchase | 2 | 1 | 658.84 COU | 000005288 | 15/07/2025 | 27/05/2018 | Book - Borrowing |